[Event "Montevideo Duchamp Cup 5th"]
[Site "Montevideo"]
[Date "2022.02.17"]
[Round "7"]
[White "Guedikian, Alan Misac"]
[Black "Griselka, Diego"]
[Result "1-0"]
[WhiteElo "1502"]
[BlackElo "1685"]
[PlyCount "99"]
[EventDate "2022.02.12"]
[EventType "swiss"]
[EventRounds "9"]
[EventCountry "URU"]
[SourceTitle "CBM 206 Extra"]
[Source "ChessBase"]
[SourceDate "2022.03.31"]
[SourceVersion "1"]
[SourceVersionDate "2022.03.31"]
[SourceQuality "1"]

1. d4 d5 2. Nf3 Nf6 3. e3 Bf5 4. b3 e6 5. Bb2 Nbd7 6. Nbd2 c5 7. c3 Bd6 8. g3 0-0 9. Qe2 Rc8 10. c4 Ne4 11. Bg2 h6 12. 0-0 Ndf6 13. Ne5 Nxd2 14. Qxd2 Ne4 15. Qe2 Qe7 16. f3 Nf6 17. e4 dxe4 18. fxe4 Bh7 19. Rf2 cxd4 20. Bxd4 Bc5 21. Bxc5 Qxc5 22. Ng4 Nxg4 23. Qxg4 Qe5 24. Rd1 Rcd8 25. Rfd2 Qc5+ 26. Kh1 Rxd2 27. Rxd2 Qe3 28. Qe2 Qxe2 29. Rxe2 Rd8 30. h4 e5 31. Kg1 Kf8 32. Kf2 Ke7 33. Ke3 Rd4 34. Rd2 Rxd2 35. Kxd2 Kd6 36. Kc3 b6 37. Kb4 Kc6 38. a4 a5+ 39. Kc3 Kc5 40. g4 g6 41. g5 hxg5 42. hxg5 Bg8 43. Bh3 Bh7 44. Bd7 Bg8 45. Be8 Kd6 46. b4 Ke7 47. Bc6 f6 48. gxf6+ Kxf6 49. c5 bxc5 50. bxa5 1-0

[Event "Montevideo Duchamp Cup 2nd"]
[Site "Montevideo"]
[Date "2018.02.03"]
[Round "3"]
[White "Griselka, Diego"]
[Black "Vinardi, Ezequiel"]
[Result "1/2-1/2"]
[WhiteElo "1730"]
[BlackElo "2033"]
[PlyCount "67"]
[EventDate "2018.02.02"]
[EventType "swiss"]
[EventRounds "9"]
[EventCountry "URU"]
[SourceTitle "CBM 182 Extra"]
[Source "ChessBase"]
[SourceDate "2018.02.23"]
[SourceVersion "1"]
[SourceVersionDate "2018.02.23"]
[SourceQuality "1"]

1. c4 e6 2. Nc3 d5 3. cxd5 exd5 4. d4 Nf6 5. Nf3 c6 6. Bf4 Bd6 7. Bxd6 Qxd6 8. e3 0-0 9. Qc2 Nbd7 10. Bd3 Re8 11. 0-0 Nf8 12. h3 g6 13. Rfe1 Ne6 14. Rad1 Ng7 15. e4 dxe4 16. Nxe4 Nxe4 17. Bxe4 Bf5 18. a3 Bxe4 19. Rxe4 Rxe4 20. Qxe4 Re8 21. Qd3 Qd5 22. Kf1 Nh5 23. Qd2 Kg7 24. Re1 Re4 25. Rxe4 Qxe4 26. Kg1 Nf4 27. Kh2 Nd5 28. Qd1 f6 29. Qb3 Qe7 30. Qd1 Kf7 31. Qd2 Qe4 32. Qd1 Kg7 33. Qb3 Qe7 34. Qd1 1/2-1/2

[Event "URU-chTB"]
[Site "Uruguay"]
[Date "2017.07.09"]
[Round "5.3"]
[White "Cuitino, Eduardo"]
[Black "Griselka, Diego"]
[Result "1/2-1/2"]
[WhiteElo "1735"]
[BlackElo "1741"]
[PlyCount "85"]
[EventDate "2017.07.07"]
[EventType "team-swiss"]
[EventRounds "5"]
[EventCountry "URU"]
[SourceTitle "EXT 2018"]
[Source "ChessBase"]
[SourceDate "2017.10.13"]
[SourceVersion "1"]
[SourceVersionDate "2017.10.13"]
[SourceQuality "1"]
[WhiteTeam "Trebejos IV"]
[BlackTeam "Cerro"]
[WhiteTeamCountry "URU"]
[BlackTeamCountry "URU"]

1. d4 Nf6 2. c4 g6 3. Nc3 Bg7 4. e4 d6 5. f4 0-0 6. Nf3 c5 7. d5 e6 8. Be2 exd5 9. exd5 Re8 10. 0-0 Bf5 11. Bd3 Bxd3 12. Qxd3 a6 13. a4 Nbd7 14. Bd2 Nf8 15. f5 Qd7 16. h3 Qxf5 17. Qxf5 gxf5 18. Bf4 Ne4 19. Rae1 Ng6 20. Bh2 Nxc3 21. bxc3 f4 22. Rxe8+ Rxe8 23. Rb1 Re7 24. Rb6 Rd7 25. h4 h5 26. g3 fxg3 27. Bxg3 Ne5 28. Nxe5 dxe5 29. Bf2 e4 30. Bxc5 Rc7 31. d6 Rd7 32. Bd4 f5 33. Kf2 f4 34. Bxg7 Kxg7 35. c5 Kf6 36. c4 Ke5 37. c6 bxc6 38. Rxa6 Rxd6 39. Ra5+ Kd4 40. Rxh5 Kxc4 41. Rf5 e3+ 42. Ke1 Rd4 43. a5 1/2-1/2

[Event "Montevideo Duchamp Cup 1st"]
[Site "Montevideo"]
[Date "2017.02.11"]
[Round "3"]
[White "Carnebia, Aniel"]
[Black "Griselka, Diego"]
[Result "0-1"]
[WhiteElo "1495"]
[BlackElo "1767"]
[PlyCount "68"]
[EventDate "2017.02.09"]
[EventType "swiss"]
[EventRounds "9"]
[EventCountry "URU"]
[SourceTitle "CBM 176 Extra"]
[Source "ChessBase"]
[SourceDate "2017.03.02"]
[SourceVersion "1"]
[SourceVersionDate "2017.03.02"]
[SourceQuality "1"]

1. d4 d5 2. Nc3 Nf6 3. e3 Bf5 4. Bd3 e6 5. Bxf5 exf5 6. Qd3 Qd7 7. Nge2 Bd6 8. Bd2 Nc6 9. a3 a6 10. Na2 0-0 11. Nb4 Rfe8 12. Nxc6 bxc6 13. 0-0 Ne4 14. Nc3 Re6 15. Nxe4 fxe4 16. Qe2 Qe7 17. f4 exf3 18. Rxf3 c5 19. c3 c4 20. Raf1 Rf8 21. Be1 Rh6 22. Bg3 Bxg3 23. Rxg3 Rf6 24. Rff3 Rb8 25. Rxf6 Qxf6 26. Rf3 Qg6 27. Rf2 Qb1+ 28. Qf1 Rxb2 29. Rxf7 Qxf1+ 30. Rxf1 Rb3 31. a4 Rxc3 32. Rb1 Rb3 33. Ra1 Rxe3 34. Kf2 Rd3 0-1